Short selling for the long term : how a combination of short and long positions leads to investing success /

Bibliographic Details
Main Author: Parnes, Joseph, (Author)
Format: eBook
Language:English
Published: Hoboken, New Jersey : Wiley, 2020.
Subjects:
Online Access:Click to View
LEADER 01592nam a2200373 i 4500
001 EBC6147571
003 MiAaPQ
005 20200624193154.0
006 m o d |
007 cr cnu||||||||
008 200624s2020 nju o 000 0 eng d
020 |z 9781119527763 
020 |a 9781119527824 (e-book) 
035 |a (MiAaPQ)EBC6147571 
035 |a (Au-PeEL)EBL6147571 
035 |a (OCoLC)1128890829 
040 |a MiAaPQ  |b eng  |e rda  |e pn  |c MiAaPQ  |d MiAaPQ 
050 4 |a HG6041  |b .P376 2020 
082 0 |a 332.63228  |2 23 
100 1 |a Parnes, Joseph,  |e author. 
245 1 0 |a Short selling for the long term :  |b how a combination of short and long positions leads to investing success /  |c Joseph Parnes. 
264 1 |a Hoboken, New Jersey :  |b Wiley,  |c 2020. 
300 |a 1 online resource (255 pages) 
336 |a text  |b txt  |2 rdacontent 
337 |a computer  |b c  |2 rdamedia 
338 |a online resource  |b cr  |2 rdacarrier 
588 |a Description based on print version record. 
590 |a Electronic reproduction. Ann Arbor, MI : ProQuest, 2018. Available via World Wide Web. Access may be limited to ProQuest affiliated libraries. 
650 0 |a Short selling (Securities) 
650 0 |a Stocks  |x Prices. 
655 4 |a Electronic books. 
776 0 8 |i Print version:  |a Parnes, Joseph.  |t Short selling for the long term : how a combination of short and long positions leads to investing success.  |d Hoboken, New Jersey : Wiley, 2020   |h 255 pages   |z 9781119527763 
797 2 |a ProQuest (Firm) 
856 4 0 |u https://ebookcentral.proquest.com/lib/matrademy/detail.action?docID=6147571  |z Click to View